[Event "Villarobledo Online Qualifyer"]
[Site "playchess.com #155672"]
[Date "2009.05.23"]
[Round "6"]
[White "Moe der Beste"]
[Black "Z_Grandic"]
[Result "1-0"]
[WhiteElo "2213"]
[BlackElo "2521"]
[PlyCount "119"]
[EventDate "2009.05.23"]
[EventType "swiss (blitz)"]

1. d4 {[%emt 0:00:01]} c6 {[%emt 0:00:02]} 2. c4 {[%emt 0:00:01]} d5 {[%emt 0:
00:01]} 3. Nc3 {[%emt 0:00:01]} Nf6 {[%emt 0:00:01]} 4. Nf3 {[%emt 0:00:01]}
Bg4 {[%emt 0:00:01]} 5. Qb3 {[%emt 0:00:10]} Qb6 {[%emt 0:00:03]} 6. e3 {[%emt
0:00:06]} Bxf3 {[%emt 0:00:04]} 7. gxf3 {[%emt 0:00:01]} e6 {[%emt 0:00:00]} 8.
Bd2 {[%emt 0:00:04]} Nbd7 {[%emt 0:00:01]} 9. Qxb6 {[%emt 0:00:02]} axb6 {
[%emt 0:00:02]} 10. a3 {[%emt 0:00:01]} Bd6 {[%emt 0:00:08]} 11. cxd5 {[%emt 0:
00:01]} exd5 {[%emt 0:00:02]} 12. Bd3 {[%emt 0:00:02]} b5 {[%emt 0:00:01]} 13.
Ke2 {[%emt 0:00:02]} Nb6 {[%emt 0:00:02]} 14. e4 {[%emt 0:00:12]} Be7 {[%emt 0:
00:16]} 15. Rhg1 {[%emt 0:00:11]} g6 {[%emt 0:00:04]} 16. Bh6 {[%emt 0:00:03]}
O-O-O {[%emt 0:00:27]} 17. Be3 {[%emt 0:00:12]} Rhe8 {[%emt 0:00:09]} 18. Rgc1
{[%emt 0:00:06]} Nh5 {[%emt 0:00:20]} 19. Nxb5 {[%emt 0:00:15]} dxe4 {[%emt 0:
00:04]} 20. fxe4 {[%emt 0:00:03]} Bf6 {[%emt 0:00:06]} 21. e5 {[%emt 0:00:30]}
Bg7 {[%emt 0:00:05]} 22. Nd6+ {[%emt 0:00:01]} Rxd6 {[%emt 0:00:02]} 23. exd6 {
[%emt 0:00:00]} Bxd4 {[%emt 0:00:06]} 24. Kd2 {[%emt 0:00:13]} Bxb2 {[%emt 0:
00:08]} 25. Bxb6 {[%emt 0:00:02]} Bxa1 {[%emt 0:00:14]} 26. Rxa1 {[%emt 0:00:
01]} Kd7 {[%emt 0:00:01]} 27. Bc7 {[%emt 0:00:05]} Nf4 {[%emt 0:00:01]} 28. Rb1
{[%emt 0:00:02]} b5 {[%emt 0:00:08]} 29. a4 {[%emt 0:00:13]} bxa4 {[%emt 0:00:
01]} 30. Ra1 {[%emt 0:00:07]} Ra8 {[%emt 0:00:08]} 31. Ra3 {[%emt 0:00:09]} Nd5
{[%emt 0:00:03]} 32. Bc4 {[%emt 0:00:09]} Nxc7 {[%emt 0:00:08]} 33. dxc7 {
[%emt 0:00:00]} Kxc7 {[%emt 0:00:01]} 34. Bxf7 {[%emt 0:00:03]} Rf8 {[%emt 0:
00:01]} 35. Rxa4 {[%emt 0:00:01]} Kd6 {[%emt 0:00:06]} 36. Ra7 {[%emt 0:00:23]}
Ke5 {[%emt 0:00:01]} 37. Ke2 {[%emt 0:00:02]} g5 {[%emt 0:00:15]} 38. Bh5 {
[%emt 0:00:04]} h6 {[%emt 0:00:01]} 39. Ra6 {[%emt 0:00:02]} Rc8 {[%emt 0:00:
16]} 40. Bg4 {[%emt 0:00:01]} Rc7 {[%emt 0:00:01]} 41. Bf3 {[%emt 0:00:02]} Kd6
{[%emt 0:00:04]} 42. Be4 {[%emt 0:00:02]} Kc5 {[%emt 0:00:02]} 43. f3 {[%emt 0:
00:01]} Kb5 {[%emt 0:00:02]} 44. Ra8 {[%emt 0:00:01]} c5 {[%emt 0:00:06]} 45.
Rh8 {[%emt 0:00:00]} c4 {[%emt 0:00:00]} 46. Kd2 {[%emt 0:00:01]} Rd7+ {[%emt
0:00:03]} 47. Kc3 {[%emt 0:00:02]} Rd6 {[%emt 0:00:00]} 48. Rb8+ {[%emt 0:00:
04]} Ka5 {[%emt 0:00:03]} 49. Ra8+ {[%emt 0:00:10]} Kb5 {[%emt 0:00:02]} 50.
Ra2 {[%emt 0:00:00]} Re6 {[%emt 0:00:06]} 51. Rd2 {[%emt 0:00:03]} g4 {[%emt 0:
00:06]} 52. Rd5+ {[%emt 0:00:08]} Kb6 {[%emt 0:00:01]} 53. Kxc4 {[%emt 0:00:03]
} gxf3 {[%emt 0:00:01]} 54. Bxf3 {[%emt 0:00:00]} Rf6 {[%emt 0:00:05]} 55. Rb5+
{[%emt 0:00:05]} Kc7 {[%emt 0:00:02]} 56. Be4 {[%emt 0:00:05]} Kd7 {[%emt 0:00:
04]} 57. Rb7+ {[%emt 0:00:03]} Ke6 {[%emt 0:00:01]} 58. Kd4 {[%emt 0:00:01]} h5
{[%emt 0:00:10]} 59. Rb5 {[%emt 0:00:04]} Rh6 {[%emt 0:00:01]} 60. Rb6+ {[%emt
0:00:01] Z_Grandic resigns} 1-0

[Event "Villarobledo Online Qualifyer"]
[Site "playchess.com #155672"]
[Date "2009.05.23"]
[Round "6"]
[White "Unicorn"]
[Black "MateJaque"]
[Result "1-0"]
[WhiteElo "2584"]
[BlackElo "2178"]
[PlyCount "113"]
[EventDate "2009.05.23"]
[EventType "swiss (blitz)"]

1. d4 {[%emt 0:00:02]} d5 {[%emt 0:00:01]} 2. c4 {[%emt 0:00:01]} e6 {[%emt 0:
00:02]} 3. Nc3 {[%emt 0:00:01]} c6 {[%emt 0:00:01]} 4. Nf3 {[%emt 0:00:02]} Nf6
{[%emt 0:00:01]} 5. Bg5 {[%emt 0:00:02]} Be7 {[%emt 0:00:03]} 6. cxd5 {[%emt 0:
00:02]} exd5 {[%emt 0:00:01]} 7. Qc2 {[%emt 0:00:01]} h6 {[%emt 0:00:02]} 8.
Bh4 {[%emt 0:00:01]} O-O {[%emt 0:00:01]} 9. e3 {[%emt 0:00:01]} Nbd7 {[%emt 0:
00:13]} 10. Bd3 {[%emt 0:00:02]} c5 {[%emt 0:00:13]} 11. O-O {[%emt 0:00:09]}
c4 {[%emt 0:00:01]} 12. Bf5 {[%emt 0:00:01]} Nb6 {[%emt 0:00:07]} 13. Ne5 {
[%emt 0:00:02]} Bxf5 {[%emt 0:00:08]} 14. Qxf5 {[%emt 0:00:00]} Qc8 {[%emt 0:
00:01]} 15. Qf3 {[%emt 0:00:05]} Qe6 {[%emt 0:00:08]} 16. Rae1 {[%emt 0:00:08]}
Ne4 {[%emt 0:00:10]} 17. Bxe7 {[%emt 0:00:32]} Qxe7 {[%emt 0:00:01]} 18. Nxd5 {
[%emt 0:00:05]} Nxd5 {[%emt 0:00:04]} 19. Qxe4 {[%emt 0:00:01]} Nb4 {[%emt 0:
00:02]} 20. Qf3 {[%emt 0:00:21]} Nxa2 {[%emt 0:00:21]} 21. Nxc4 {[%emt 0:00:03]
} Qb4 {[%emt 0:00:03]} 22. Ne5 {[%emt 0:00:06]} b6 {[%emt 0:00:13]} 23. Qd5 {
[%emt 0:00:16]} Qxb2 {[%emt 0:00:06]} 24. Nxf7 {[%emt 0:00:57]} Nc3 {[%emt 0:
00:22]} 25. Qc6 {[%emt 0:00:12]} Rac8 {[%emt 0:00:08]} 26. Nxh6+ {[%emt 0:00:
03]} gxh6 {[%emt 0:00:02]} 27. Qxh6 {[%emt 0:00:02]} Qb3 {[%emt 0:00:10]} 28.
Ra1 {[%emt 0:00:08]} Qf7 {[%emt 0:00:08] MateJaque ofrece tablas} 29. f4 {
[%emt 0:00:12]} Qf6 {[%emt 0:00:17]} 30. Qh5 {[%emt 0:00:07]} Rf7 {[%emt 0:00:
10]} 31. Rf3 {[%emt 0:00:02]} Rg7 {[%emt 0:00:04]} 32. Raf1 {[%emt 0:00:03]}
Rd8 {[%emt 0:00:09]} 33. Rh3 {[%emt 0:00:03]} Qg6 {[%emt 0:00:16] '} 34. Qxg6 {
[%emt 0:00:06]} Rxg6 {[%emt 0:00:01]} 35. Ra1 {[%emt 0:00:02]} Rd7 {[%emt 0:00:
01]} 36. Kf1 {[%emt 0:00:01]} Nd5 {[%emt 0:00:04]} 37. f5 {[%emt 0:00:01]} Rc6
{[%emt 0:00:08]} 38. Rg3+ {[%emt 0:00:01]} Kf7 {[%emt 0:00:02]} 39. Rf3 {[%emt
0:00:00]} Kf6 {[%emt 0:00:03]} 40. g4 {[%emt 0:00:01]} Nc3 {[%emt 0:00:01]} 41.
h4 {[%emt 0:00:02]} Ne4 {[%emt 0:00:01]} 42. g5+ {[%emt 0:00:01]} Kf7 {[%emt 0:
00:00]} 43. g6+ {[%emt 0:00:01]} Kf6 {[%emt 0:00:01]} 44. Ra2 {[%emt 0:00:01]}
Rc1+ {[%emt 0:00:01]} 45. Kg2 {[%emt 0:00:01]} Rdc7 {[%emt 0:00:01]} 46. Rf4 {
[%emt 0:00:04]} R7c2+ {[%emt 0:00:02]} 47. Rxc2 {[%emt 0:00:01]} Rxc2+ {[%emt
0:00:00]} 48. Kf3 {[%emt 0:00:01]} Nd2+ {[%emt 0:00:02]} 49. Kg4 {[%emt 0:00:
01]} Nc4 {[%emt 0:00:01]} 50. e4 {[%emt 0:00:03]} Ne3+ {[%emt 0:00:04]} 51. Kh5
{[%emt 0:00:01]} Ng2 {[%emt 0:00:02]} 52. e5+ {[%emt 0:00:02]} Ke7 {[%emt 0:00:
01]} 53. f6+ {[%emt 0:00:01]} Ke6 {[%emt 0:00:01]} 54. Rf3 {[%emt 0:00:03]} Rc8
{[%emt 0:00:02]} 55. g7 {[%emt 0:00:01]} Kf7 {[%emt 0:00:02]} 56. e6+ {[%emt 0:
00:04]} Kxe6 {[%emt 0:00:01]} 57. f7 {[%emt 0:00:01] MateJaque rinde} 1-0

[Event "Villarobledo Online Qualifyer"]
[Site "playchess.com #155672"]
[Date "2009.05.23"]
[Round "6"]
[White "Krondor"]
[Black "Dellacasa"]
[Result "0-1"]
[WhiteElo "1578"]
[BlackElo "1377"]
[PlyCount "102"]
[EventDate "2009.05.23"]
[EventType "swiss (blitz)"]

1. d4 {[%emt 0:00:02]} Nf6 {[%emt 0:00:02]} 2. c4 {[%emt 0:00:01]} e6 {[%emt 0:
00:01]} 3. Nc3 {[%emt 0:00:01]} Bb4 {[%emt 0:00:01]} 4. Bd2 {[%emt 0:00:04]}
O-O {[%emt 0:00:04]} 5. e3 {[%emt 0:00:02]} d5 {[%emt 0:00:05]} 6. Bd3 {[%emt
0:00:06]} c5 {[%emt 0:00:03]} 7. dxc5 {[%emt 0:00:16]} Bxc5 {[%emt 0:00:05]} 8.
a3 {[%emt 0:00:03]} Nc6 {[%emt 0:00:11]} 9. b4 {[%emt 0:00:03]} Bb6 {[%emt 0:
00:06]} 10. b5 {[%emt 0:00:10]} Ne7 {[%emt 0:00:11]} 11. Nf3 {[%emt 0:00:34]}
a6 {[%emt 0:00:28]} 12. a4 {[%emt 0:00:09]} axb5 {[%emt 0:00:05]} 13. axb5 {
[%emt 0:00:01]} Rxa1 {[%emt 0:00:10]} 14. Qxa1 {[%emt 0:00:02]} Re8 {[%emt 0:
00:11]} 15. c5 {[%emt 0:00:13]} Bxc5 {[%emt 0:00:10]} 16. Ne5 {[%emt 0:00:11]}
Bd6 {[%emt 0:00:07]} 17. Na4 {[%emt 0:00:11]} Qc7 {[%emt 0:00:11]} 18. Nf3 {
[%emt 0:00:09]} e5 {[%emt 0:00:11]} 19. Bc3 {[%emt 0:00:12]} e4 {[%emt 0:00:13]
} 20. Bxe4 {[%emt 0:00:37]} dxe4 {[%emt 0:00:02]} 21. Nd2 {[%emt 0:00:06]} Ned5
{[%emt 0:00:08]} 22. O-O {[%emt 0:00:10]} Nxc3 {[%emt 0:00:06]} 23. Nxc3 {
[%emt 0:00:02]} Bb4 {[%emt 0:00:02]} 24. Rc1 {[%emt 0:00:05]} Qe5 {[%emt 0:00:
08]} 25. Ndxe4 {[%emt 0:00:12]} Bxc3 {[%emt 0:00:04]} 26. Nxc3 {[%emt 0:00:03]}
Nd5 {[%emt 0:00:07]} 27. Nxd5 {[%emt 0:00:03]} Qxd5 {[%emt 0:00:04]} 28. Qc3 {
[%emt 0:00:03]} Qd7 {[%emt 0:00:06]} 29. Qb4 {[%emt 0:00:02]} Qe7 {[%emt 0:00:
05]} 30. Qb3 {[%emt 0:00:02]} Be6 {[%emt 0:00:03]} 31. Qc2 {[%emt 0:00:01]} Qd7
{[%emt 0:00:11] '} 32. Qb2 {[%emt 0:00:02]} Rc8 {[%emt 0:00:05]} 33. Ra1 {
[%emt 0:00:04]} Rc5 {[%emt 0:00:08]} 34. Ra8+ {[%emt 0:00:02]} Rc8 {[%emt 0:00:
04]} 35. Ra1 {[%emt 0:00:01]} h6 {[%emt 0:00:03]} 36. g3 {[%emt 0:00:02]} Rc5 {
[%emt 0:00:03]} 37. Ra8+ {[%emt 0:00:02]} Kh7 {[%emt 0:00:03]} 38. Ra5 {[%emt
0:00:04]} Qd1+ {[%emt 0:00:06]} 39. Kg2 {[%emt 0:00:02]} Bd5+ {[%emt 0:00:03]}
40. Kh3 {[%emt 0:00:04]} Be6+ {[%emt 0:00:03]} 41. Kg2 {[%emt 0:00:02]} Qd5+ {
[%emt 0:00:02]} 42. Kg1 {[%emt 0:00:01]} Bd7 {[%emt 0:00:01]} 43. b6 {[%emt 0:
00:02]} Rxa5 {[%emt 0:00:03]} 44. Qb1+ {[%emt 0:00:02]} g6 {[%emt 0:00:04]} 45.
Qb2 {[%emt 0:00:02]} Rb5 {[%emt 0:00:02]} 46. Qc1 {[%emt 0:00:01]} Qc6 {[%emt
0:00:02]} 47. Qd1 {[%emt 0:00:02]} Rd5 {[%emt 0:00:02]} 48. Qa1 {[%emt 0:00:01]
} Qd6 {[%emt 0:00:02]} 49. Kg2 {[%emt 0:00:01]} Bc6 {[%emt 0:00:02]} 50. f3 {
[%emt 0:00:01]} Rd1 {[%emt 0:00:01]} 51. Qb2 {[%emt 0:00:02]} Rd2+ {[%emt 0:00:
01] Krondor resigns} 0-1

[Event "Villarobledo Online Qualifyer"]
[Site "playchess.com #155672"]
[Date "2009.05.23"]
[Round "6"]
[White "Master of poker"]
[Black "Us6"]
[Result "0-1"]
[WhiteElo "2475"]
[BlackElo "2604"]
[PlyCount "138"]
[EventDate "2009.05.23"]
[EventType "swiss (blitz)"]

1. e4 {[%emt 0:00:01]} c5 {[%emt 0:00:02]} 2. Nf3 {[%emt 0:00:01]} d6 {[%emt 0:
00:01]} 3. d4 {[%emt 0:00:02]} cxd4 {[%emt 0:00:00]} 4. Nxd4 {[%emt 0:00:01]}
Nf6 {[%emt 0:00:00]} 5. Nc3 {[%emt 0:00:00]} a6 {[%emt 0:00:01]} 6. Be3 {[%emt
0:00:01]} e5 {[%emt 0:00:03]} 7. Nf3 {[%emt 0:00:01]} Be7 {[%emt 0:00:01]} 8.
Bc4 {[%emt 0:00:01]} O-O {[%emt 0:00:01]} 9. Qe2 {[%emt 0:00:03]} Nc6 {[%emt 0:
00:03]} 10. O-O-O {[%emt 0:00:01]} b5 {[%emt 0:00:07]} 11. Bb3 {[%emt 0:00:06]}
Be6 {[%emt 0:00:05]} 12. Kb1 {[%emt 0:00:25]} Na5 {[%emt 0:00:18]} 13. Nxe5 {
[%emt 0:00:11]} b4 {[%emt 0:00:39]} 14. Na4 {[%emt 0:00:11]} Qe8 {[%emt 0:00:
27]} 15. Nf3 {[%emt 0:00:34]} Nxb3 {[%emt 0:00:03]} 16. axb3 {[%emt 0:00:10]}
Nxe4 {[%emt 0:00:03]} 17. Bf4 {[%emt 0:00:08]} Nc5 {[%emt 0:00:07]} 18. Nb6 {
[%emt 0:00:15]} Rd8 {[%emt 0:00:03]} 19. Nd5 {[%emt 0:00:05]} Bxd5 {[%emt 0:00:
15]} 20. Rxd5 {[%emt 0:00:00]} Qc6 {[%emt 0:00:06]} 21. Rxc5 {[%emt 0:00:09]}
Qxc5 {[%emt 0:00:10]} 22. Qxe7 {[%emt 0:00:05]} Qxf2 {[%emt 0:00:02]} 23. Qg5 {
[%emt 0:00:16]} Rc8 {[%emt 0:00:06]} 24. Rc1 {[%emt 0:00:07]} Rfe8 {[%emt 0:00:
08]} 25. Bg3 {[%emt 0:00:12]} Qb6 {[%emt 0:00:05]} 26. Nh4 {[%emt 0:00:06]} Rc5
{[%emt 0:00:08]} 27. Nf5 {[%emt 0:00:10]} g6 {[%emt 0:00:03]} 28. Bf2 {[%emt 0:
00:17]} Qb5 {[%emt 0:00:25] '} 29. Bxc5 {[%emt 0:00:03]} Qxc5 {[%emt 0:00:01]}
30. Ne7+ {[%emt 0:00:09]} Kf8 {[%emt 0:00:01]} 31. Qxc5 {[%emt 0:00:02]} dxc5 {
[%emt 0:00:00]} 32. Nd5 {[%emt 0:00:05]} Re2 {[%emt 0:00:00]} 33. Nf4 {[%emt 0:
00:02]} Rf2 {[%emt 0:00:01]} 34. g3 {[%emt 0:00:00]} g5 {[%emt 0:00:01]} 35.
Nd3 {[%emt 0:00:02]} Rxh2 {[%emt 0:00:03]} 36. Rf1 {[%emt 0:00:01]} Rg2 {[%emt
0:00:01]} 37. Nxc5 {[%emt 0:00:01]} Rxg3 {[%emt 0:00:01]} 38. Ne6+ {[%emt 0:00:
00]} Ke7 {[%emt 0:00:01]} 39. Nd4 {[%emt 0:00:00]} Rg2 {[%emt 0:00:02]} 40.
Nf5+ {[%emt 0:00:01]} Ke6 {[%emt 0:00:01]} 41. Ne3 {[%emt 0:00:00]} Rh2 {[%emt
0:00:01]} 42. Kc1 {[%emt 0:00:02]} h5 {[%emt 0:00:01]} 43. Re1 {[%emt 0:00:09]}
Kf6 {[%emt 0:00:02]} 44. Nd5+ {[%emt 0:00:06]} Kg7 {[%emt 0:00:02]} 45. Nxb4 {
[%emt 0:00:02]} g4 {[%emt 0:00:01]} 46. Nd3 {[%emt 0:00:02]} g3 {[%emt 0:00:03]
} 47. Nf4 {[%emt 0:00:01]} h4 {[%emt 0:00:02]} 48. Rg1 {[%emt 0:00:05]} Kh6 {
[%emt 0:00:10]} 49. c4 {[%emt 0:00:02]} Kg5 {[%emt 0:00:02]} 50. c5 {[%emt 0:
00:05]} Kxf4 {[%emt 0:00:07]} 51. c6 {[%emt 0:00:00]} Re2 {[%emt 0:00:05]} 52.
c7 {[%emt 0:00:04]} Re8 {[%emt 0:00:01]} 53. Rf1+ {[%emt 0:00:01]} Kg4 {[%emt
0:00:02]} 54. Rxf7 {[%emt 0:00:01]} g2 {[%emt 0:00:02]} 55. Rg7+ {[%emt 0:00:
01]} Kf3 {[%emt 0:00:01]} 56. Rf7+ {[%emt 0:00:01]} Ke2 {[%emt 0:00:01]} 57.
Re7+ {[%emt 0:00:01]} Rxe7 {[%emt 0:00:03]} 58. c8=Q {[%emt 0:00:00]} g1=Q+ {
[%emt 0:00:01]} 59. Kc2 {[%emt 0:00:00]} Qg6+ {[%emt 0:00:01]} 60. Kc3 {[%emt
0:00:04]} Qd3+ {[%emt 0:00:01]} 61. Kb4 {[%emt 0:00:00]} Qd6+ {[%emt 0:00:04]}
62. Ka4 {[%emt 0:00:02]} Re4+ {[%emt 0:00:01]} 63. Ka5 {[%emt 0:00:01]} Re5+ {
[%emt 0:00:06]} 64. Ka4 {[%emt 0:00:02]} Re4+ {[%emt 0:00:01]} 65. Ka5 {[%emt
0:00:01]} Qb4+ {[%emt 0:00:01]} 66. Kxa6 {[%emt 0:00:01]} Qd4 {[%emt 0:00:07]}
67. Qc2+ {[%emt 0:00:05]} Kf3 {[%emt 0:00:01]} 68. Qc6 {[%emt 0:00:06]} Qd3+ {
[%emt 0:00:02]} 69. Qc4 {[%emt 0:00:03]} Qxc4+ {[%emt 0:00:01] Master of poker
abandonne} 0-1

[Event "Villarobledo Online Qualifyer"]
[Site "playchess.com #155672"]
[Date "2009.05.23"]
[Round "6"]
[White "Buster hyman"]
[Black "Ferdi Sert"]
[Result "0-1"]
[WhiteElo "1747"]
[BlackElo "1860"]
[PlyCount "162"]
[EventDate "2009.05.23"]
[EventType "swiss (blitz)"]

1. a3 {[%emt 0:00:03]} c5 {[%emt 0:00:01]} 2. c4 {[%emt 0:00:02]} Nc6 {[%emt 0:
00:01]} 3. Nc3 {[%emt 0:00:01]} Nf6 {[%emt 0:00:01]} 4. g3 {[%emt 0:00:01]} g6
{[%emt 0:00:01]} 5. Bg2 {[%emt 0:00:01]} Bg7 {[%emt 0:00:01]} 6. e4 {[%emt 0:
00:01]} d6 {[%emt 0:00:02]} 7. Nge2 {[%emt 0:00:01]} O-O {[%emt 0:00:01]} 8.
O-O {[%emt 0:00:01]} Bd7 {[%emt 0:00:01]} 9. d3 {[%emt 0:00:04]} a6 {[%emt 0:
00:01]} 10. Rb1 {[%emt 0:00:02]} Qc8 {[%emt 0:00:09]} 11. Be3 {[%emt 0:00:02]}
Bh3 {[%emt 0:00:04]} 12. Qd2 {[%emt 0:00:02]} Bxg2 {[%emt 0:00:02]} 13. Kxg2 {
[%emt 0:00:01]} Ng4 {[%emt 0:00:03]} 14. Nd5 {[%emt 0:00:06]} Nxe3+ {[%emt 0:
00:06]} 15. fxe3 {[%emt 0:00:03]} Qd8 {[%emt 0:00:03]} 16. b4 {[%emt 0:00:05]}
e6 {[%emt 0:00:03]} 17. Ndc3 {[%emt 0:00:06]} cxb4 {[%emt 0:00:02]} 18. axb4 {
[%emt 0:00:02]} Ne5 {[%emt 0:00:02]} 19. h3 {[%emt 0:00:15]} Qb6 {[%emt 0:00:
08]} 20. Na4 {[%emt 0:00:10]} Qa7 {[%emt 0:00:02]} 21. Nd4 {[%emt 0:00:20]} Bh6
{[%emt 0:00:15]} 22. Qe2 {[%emt 0:00:08]} Rab8 {[%emt 0:00:08]} 23. Nc3 {[%emt
0:00:10]} Nc6 {[%emt 0:00:06]} 24. b5 {[%emt 0:00:06]} Nxd4 {[%emt 0:00:02]}
25. exd4 {[%emt 0:00:06]} Qxd4 {[%emt 0:00:01]} 26. Na4 {[%emt 0:00:07]} Bg7 {
[%emt 0:00:13]} 27. Rb3 {[%emt 0:00:05]} Be5 {[%emt 0:00:02]} 28. Rfb1 {[%emt
0:00:02]} a5 {[%emt 0:00:02]} 29. b6 {[%emt 0:00:12]} f6 {[%emt 0:00:08]} 30.
Rb5 {[%emt 0:00:02]} Ra8 {[%emt 0:00:08]} 31. Qd2 {[%emt 0:00:19]} f5 {[%emt 0:
00:09]} 32. Rf1 {[%emt 0:00:21]} fxe4 {[%emt 0:00:01]} 33. Rbb1 {[%emt 0:00:20]
} e3 {[%emt 0:00:02]} 34. Qe2 {[%emt 0:00:06]} Rf2+ {[%emt 0:00:08]} 35. Rxf2 {
[%emt 0:00:02]} exf2 {[%emt 0:00:02]} 36. Qxf2 {[%emt 0:00:01]} Rf8 {[%emt 0:
00:02]} 37. Qxd4 {[%emt 0:00:02]} Bxd4 {[%emt 0:00:01]} 38. Rf1 {[%emt 0:00:03]
} Rxf1 {[%emt 0:00:06]} 39. Kxf1 {[%emt 0:00:00]} Kf7 {[%emt 0:00:01]} 40. Ke2
{[%emt 0:00:01]} Ke7 {[%emt 0:00:01]} 41. Kf3 {[%emt 0:00:01]} Kd7 {[%emt 0:00:
02]} 42. Ke4 {[%emt 0:00:01]} Bf2 {[%emt 0:00:02]} 43. g4 {[%emt 0:00:02]} Kc6
{[%emt 0:00:01]} 44. d4 {[%emt 0:00:01]} d5+ {[%emt 0:00:25]} 45. cxd5+ {[%emt
0:00:05]} exd5+ {[%emt 0:00:01]} 46. Kd3 {[%emt 0:00:08]} Be1 {[%emt 0:00:06]}
47. Nc5 {[%emt 0:00:17]} Kxb6 {[%emt 0:00:05]} 48. Ne6 {[%emt 0:00:04]} a4 {
[%emt 0:00:08]} 49. Nf8 {[%emt 0:00:08]} a3 {[%emt 0:00:01]} 50. Kc2 {[%emt 0:
00:02]} a2 {[%emt 0:00:04]} 51. Kb2 {[%emt 0:00:01]} Bc3+ {[%emt 0:00:01]} 52.
Kxa2 {[%emt 0:00:01]} Bxd4 {[%emt 0:00:01]} 53. Nxh7 {[%emt 0:00:02]} Be5 {
[%emt 0:00:10]} 54. Ng5 {[%emt 0:00:03]} Kc5 {[%emt 0:00:03]} 55. Kb3 {[%emt 0:
00:01]} Kd4 {[%emt 0:00:03]} 56. Nf3+ {[%emt 0:00:06]} Ke4 {[%emt 0:00:01]} 57.
Ng5+ {[%emt 0:00:01]} Kf4 {[%emt 0:00:03]} 58. Ne6+ {[%emt 0:00:01]} Kg3 {
[%emt 0:00:01]} 59. Nf8 {[%emt 0:00:03]} g5 {[%emt 0:00:02]} 60. Ne6 {[%emt 0:
00:02]} Bf6 {[%emt 0:00:03]} 61. Nc7 {[%emt 0:00:04]} d4 {[%emt 0:00:04]} 62.
Nd5 {[%emt 0:00:01]} Bd8 {[%emt 0:00:01]} 63. Kc4 {[%emt 0:00:02]} Kxh3 {[%emt
0:00:03]} 64. Kxd4 {[%emt 0:00:02]} Kxg4 {[%emt 0:00:01]} 65. Ke4 {[%emt 0:00:
02]} Kh3 {[%emt 0:00:02]} 66. Ne3 {[%emt 0:00:02]} g4 {[%emt 0:00:01]} 67. Nf5
{[%emt 0:00:03]} g3 {[%emt 0:00:01]} 68. Kf3 {[%emt 0:00:03]} Bc7 {[%emt 0:00:
01]} 69. Ne3 {[%emt 0:00:02]} b5 {[%emt 0:00:01]} 70. Ng2 {[%emt 0:00:03]} b4 {
[%emt 0:00:01]} 71. Ne3 {[%emt 0:00:04]} b3 {[%emt 0:00:02]} 72. Ke2 {[%emt 0:
00:01]} g2 {[%emt 0:00:02]} 73. Nxg2 {[%emt 0:00:01]} Kxg2 {[%emt 0:00:01]} 74.
Kd2 {[%emt 0:00:01]} Be5 {[%emt 0:00:01]} 75. Kc1 {[%emt 0:00:01]} Kf2 {[%emt
0:00:02]} 76. Kb1 {[%emt 0:00:02]} Ke2 {[%emt 0:00:02]} 77. Kc1 {[%emt 0:00:01]
} Kd3 {[%emt 0:00:01]} 78. Kb1 {[%emt 0:00:01]} Kc3 {[%emt 0:00:01]} 79. Kc1 {
[%emt 0:00:01]} Kb4 {[%emt 0:00:02]} 80. Kb1 {[%emt 0:00:01]} Ka3 {[%emt 0:00:
01]} 81. Kc1 {[%emt 0:00:01]} Ka2 {[%emt 0:00:01] Buster hyman resigns  (Lag:
Av=0.47s, max=1.3s)} 0-1